Lonely planet croatia / (Record no. 15689)
[ view plain ]
| 000 -LEADER | |
|---|---|
| fixed length control field | 01271nam a2200205 a 4500 |
| 001 - CONTROL NUMBER | |
| control field | ASIN1741795958 |
| 005 - DATE AND TIME OF LATEST TRANSACTION | |
| control field | 20170105102923.0 |
| 008 - FIXED-LENGTH DATA ELEMENTS--GENERAL INFORMATION | |
| fixed length control field | 131209s2011 xxu eng d |
| 020 ## - INTERNATIONAL STANDARD BOOK NUMBER | |
| International Standard Book Number | 1741795958 (paperback) |
| Terms of availability | $22.99 |
| 020 ## - INTERNATIONAL STANDARD BOOK NUMBER | |
| International Standard Book Number | 9781741795950 (paperback) |
| 040 ## - CATALOGING SOURCE | |
| Original cataloging agency | 0 |
| 100 1# - MAIN ENTRY--PERSONAL NAME | |
| Personal name | Stewart, Anja Mutic; Iain. |
| 245 10 - TITLE STATEMENT | |
| Title | Lonely planet croatia / |
| Statement of responsibility, etc. | Anja Mutic; Iain Stewart. |
| 250 ## - EDITION STATEMENT | |
| Edition statement | 6th ed. |
| 260 ## - PUBLICATION, DISTRIBUTION, ETC. | |
| Place of publication, distribution, etc. | [S.l.] : |
| Name of publisher, distributor, etc. | Lonely Planet, |
| Date of publication, distribution, etc. | 2011. |
| 300 ## - PHYSICAL DESCRIPTION | |
| Extent | 340 p. ; |
| Dimensions | 20 cm. |
| 520 ## - SUMMARY, ETC. | |
| Summary, etc. | “A rare blend of glamour and authenticity, where beaches and sunshine vie for attention with cultural treasures, ancient architecture and time-tested folk traditions.” – Anja Mutic, Lonely Planet Writer Our Promise You can trust our travel information because Lonely Planet authors visit the places we write about, each and every edition. We never accept freebies for positive coverage, and you can rely on us to tell it like we see it. Inside This Book… 2 authors 43 maps 500 cafes and restaurants Hundreds of ways to unwind Inspirational photos Clear, easy-to-use maps In-depth background Color itineraries Comprehensive planning tools Easy-to-read |
| 856 ## - ELECTRONIC LOCATION AND ACCESS | |
| Materials specified | Amazon.com |
| Uniform Resource Identifier | <a href="http://www.amazon.com/exec/obidos/ASIN/1741795958/chopacon">http://www.amazon.com/exec/obidos/ASIN/1741795958/chopacon</a> |
| 942 ## - ADDED ENTRY ELEMENTS (KOHA) | |
| Source of classification or shelving scheme | |
| Koha item type | Book |
| Withdrawn status | Lost status | Damaged status | Not for loan | Collection code | Permanent Location | Current Location | Shelving location | Date acquired | Total Checkouts | Full call number | Barcode | Date last seen | Price effective from | Koha item type |
|---|---|---|---|---|---|---|---|---|---|---|---|---|---|---|
| Centre for International Peace & Stability (CIPS) | Centre for International Peace & Stability (CIPS) | General Stacks | 10/02/2013 | 914.972043 OLI 2011 | CIPS0001730 | 12/09/2013 | 12/09/2013 | Book |
